000
00231nam a22000857a 4500
008
160706b xxu||||| |||| 00| 0 eng d
100
_9
2297
_a
Anand, U
245
_a
The Pool in the Jungle
260
_a
New Delhi
_b
National Book Trust
_c
1983
999
_c
1978
_d
1978